| 000 | 00738nam a22001577a 4500 | ||
|---|---|---|---|
| 003 | OSt | ||
| 005 | 20160225090454.0 | ||
| 008 | 160225b xxu||||| |||| 00| 0 eng d | ||
| 040 | _cRUA | ||
| 082 | _aAGR SOK 2013 B432 Or.1 | ||
| 100 |
_97446 _aSOK SOPHEAK ; សុខ សុភ័ក្រ |
||
| 245 | _aStudy on riec growing method under sandy loam soil condition at royal university of agriculture , សិក្សាវិធីសាស្រ្តដំាដុះដំណាំស្រូវលក្ខណៈដីល្បាយខ្សាច់ នៅសាកលវិទ្យាល័យភូមិន្ទកសិកម្ម | ||
| 260 |
_aPhnom Penh _bRUA _c2013 |
||
| 300 |
_axi ;34p. _bill. _c29cm. |
||
| 942 |
_2ddc _cAGR |
||
| 999 |
_c7033 _d7033 |
||